<?xml version="1.0" encoding="UTF-8"?>
<record
    xmlns:xsi="http://www.w3.org/2001/XMLSchema-instance"
    xsi:schemaLocation="http://www.loc.gov/MARC21/slim http://www.loc.gov/standards/marcxml/schema/MARC21slim.xsd"
    xmlns="http://www.loc.gov/MARC21/slim">

  <leader>03483nam a2200553Ia 4500</leader>
  <controlfield tag="001">1145</controlfield>
  <controlfield tag="008">241029s9999    xx            000 0 und d</controlfield>
  <datafield tag="010" ind1=" " ind2=" ">
    <subfield code="a">1056</subfield>
  </datafield>
  <datafield tag="041" ind1=" " ind2=" ">
    <subfield code="a">Espa&#xF1;ol</subfield>
  </datafield>
  <datafield tag="082" ind1=" " ind2=" ">
    <subfield code="a">UCSD MGP 0029 2013</subfield>
  </datafield>
  <datafield tag="245" ind1=" " ind2="0">
    <subfield code="a">Propuesta Para Integrar a las Familias al Proceso Educativo de sus Hijos en el Centro Educativo Jos&#xE9; N&#xFA;&#xF1;ez de C&#xE1;ceres del D.N. 15-01 de la Provincia Santo Domingo Oeste, Para el A&#xF1;o Escolar 2013-2014.</subfield>
  </datafield>
  <datafield tag="260" ind1=" " ind2=" ">
    <subfield code="a">Santo Domingo</subfield>
  </datafield>
  <datafield tag="300" ind1=" " ind2=" ">
    <subfield code="a">81</subfield>
  </datafield>
  <datafield tag="520" ind1=" " ind2=" ">
    <subfield code="a">29</subfield>
  </datafield>
  <datafield tag="630" ind1=" " ind2=" ">
    <subfield code="a">Calidad</subfield>
  </datafield>
  <datafield tag="630" ind1=" " ind2=" ">
    <subfield code="a">Integraci&#xF3;n Familiar</subfield>
  </datafield>
  <datafield tag="630" ind1=" " ind2=" ">
    <subfield code="a">Proceso de Ense&#xF1;anza-Aprendizaje</subfield>
  </datafield>
  <datafield tag="650" ind1=" " ind2=" ">
    <subfield code="a">Planificaci&#xF3;n Educativa</subfield>
  </datafield>
  <datafield tag="690" ind1=" " ind2=" ">
    <subfield code="a">Elaborado</subfield>
  </datafield>
  <datafield tag="700" ind1=" " ind2=" ">
    <subfield code="e">asesor</subfield>
    <subfield code="a">Bautista, Teresa</subfield>
  </datafield>
  <datafield tag="700" ind1=" " ind2=" ">
    <subfield code="e">autor</subfield>
    <subfield code="a">Reyes, Belkis</subfield>
  </datafield>
  <datafield tag="700" ind1=" " ind2=" ">
    <subfield code="e">autor</subfield>
    <subfield code="a">Padilla, Felicia</subfield>
  </datafield>
  <datafield tag="901" ind1=" " ind2=" ">
    <subfield code="a">{"1":"Reyes","2":"Padilla"}</subfield>
    <subfield code="b">{"1":"Belkis","2":"Felicia"}</subfield>
  </datafield>
  <datafield tag="902" ind1=" " ind2=" ">
    <subfield code="a">1</subfield>
  </datafield>
  <datafield tag="903" ind1=" " ind2=" ">
    <subfield code="a">{"1":"Bautista"}</subfield>
    <subfield code="b">{"1":"Teresa"}</subfield>
  </datafield>
  <datafield tag="904" ind1=" " ind2=" ">
    <subfield code="a">Maestr&#xED;a en</subfield>
  </datafield>
  <datafield tag="905" ind1=" " ind2=" ">
    <subfield code="a">Planificaci&#xF3;n y Gesti&#xF3;n Educativa</subfield>
  </datafield>
  <datafield tag="906" ind1=" " ind2=" ">
    <subfield code="a">2</subfield>
  </datafield>
  <datafield tag="907" ind1=" " ind2=" ">
    <subfield code="a">NO APLICA</subfield>
  </datafield>
  <datafield tag="908" ind1=" " ind2=" ">
    <subfield code="a">NO APLICA</subfield>
  </datafield>
  <datafield tag="909" ind1=" " ind2=" ">
    <subfield code="a">Universidad Cat&#xF3;lica de Santo Domingo (UCSD)</subfield>
  </datafield>
  <datafield tag="910" ind1=" " ind2=" ">
    <subfield code="a">NULL</subfield>
    <subfield code="b">NULL</subfield>
  </datafield>
  <datafield tag="911" ind1=" " ind2=" ">
    <subfield code="a">["1"]</subfield>
  </datafield>
  <datafield tag="912" ind1=" " ind2=" ">
    <subfield code="a">NO APLICA</subfield>
  </datafield>
  <datafield tag="913" ind1=" " ind2=" ">
    <subfield code="a">NULL</subfield>
  </datafield>
  <datafield tag="914" ind1=" " ind2=" ">
    <subfield code="a">01 de Febrero de 2013</subfield>
  </datafield>
  <datafield tag="915" ind1=" " ind2=" ">
    <subfield code="a">03/07/14 12:07</subfield>
  </datafield>
  <datafield tag="916" ind1=" " ind2=" ">
    <subfield code="a">NULL</subfield>
  </datafield>
  <datafield tag="917" ind1=" " ind2=" ">
    <subfield code="a">NULL</subfield>
  </datafield>
  <datafield tag="918" ind1=" " ind2=" ">
    <subfield code="a">NO APLICA</subfield>
  </datafield>
  <datafield tag="919" ind1=" " ind2=" ">
    <subfield code="a">["28","123","163"]</subfield>
  </datafield>
  <datafield tag="520" ind1=" " ind2=" ">
    <subfield code="a">La investigaci&#xF3;n se enfoc&#xF3; en establecer la integraci&#xF3;n a las familias en el proceso educativo de los hijos. El objetivo principal de esta investigaci&#xF3;n se bas&#xF3; en elaborar una propuesta de mejoramiento para la integraci&#xF3;n de la familia en el proceso educativo de sus hijos, del Centro Educativo Jos&#xE9; N&#xFA;&#xF1;ez de C&#xE1;ceres del Distrito 15-01 de la Provincia Santo Domingo Oeste. Para este fin general la investigaci&#xF3;n propuso tambi&#xE9;n identificar la situaci&#xF3;n del Centro en relaci&#xF3;n a la integraci&#xF3;n de las familias.El tipo de investigaci&#xF3;n fue de car&#xE1;cter exploratoria y se utiliz&#xF3; el m&#xE9;todo inductivo, se realizaron reportes estad&#xED;sticos y reportes escritos, como tambi&#xE9;n tablas y gr&#xE1;ficos. Se trabaj&#xF3; con una muestra del 10% de las familias siendo as&#xED; 60 familias y un total de 8 docentes a los cuales se les aplico la t&#xE9;cnica de la encuesta.Los resultados arrojaron que las familias afirman no recibir una calendarizaci&#xF3;n de las actividades programadas por la escuela, lo que significa que este debe buscar la forma para conectar a las familias al mismo. Los padres dicen integrarse a la escuela; mientras que los docentes indican que solo el 25% se integran a las actividades. La familia debe desempe&#xF1;ar su funci&#xF3;n formativa.La integraci&#xF3;n de familia-escuela del Centro Educativo Jos&#xE9; N&#xFA;&#xF1;ez no se cumple en su totalidad, debido a que el centro no tiene una programaci&#xF3;n de estrategias y actividades motivadoras establecidas con este fin. La familia reconoce el trabajo en la escuela, entonces un punto de partida donde ellos asuman el compromiso de apoyo correspondiente al proceso educativo de sus hijos.La propuesta elaborada en la investigaci&#xF3;n consisti&#xF3; en propiciar estrategias y actividades para garantizar la integraci&#xF3;n de las familias al quehacer educativo; al mismo tiempo que los estudiantes se apropien de sus deberes escolares en direcci&#xF3;n a trascender a la sociedad que los espera.</subfield>
  </datafield>
  <datafield tag="921" ind1=" " ind2=" ">
    <subfield code="a">16</subfield>
  </datafield>
  <datafield tag="922" ind1=" " ind2=" ">
    <subfield code="a">16</subfield>
  </datafield>
  <datafield tag="923" ind1=" " ind2=" ">
    <subfield code="a">0</subfield>
  </datafield>
  <datafield tag="924" ind1=" " ind2=" ">
    <subfield code="a">NO APLICA</subfield>
  </datafield>
  <datafield tag="942" ind1=" " ind2=" ">
    <subfield code="c">Tesis</subfield>
  </datafield>
  <datafield tag="999" ind1=" " ind2=" ">
    <subfield code="c">1056</subfield>
    <subfield code="d">1056</subfield>
  </datafield>
</record>
